| 000 | 00891nam a2200289 a 4500 | ||
|---|---|---|---|
| 001 | 1372 | ||
| 003 | BR-CuiBMT | ||
| 005 | 20231206010849.0 | ||
| 008 | 231124s2002 rjb 000 0 por d | ||
| 020 | _a8573033746 | ||
| 040 |
_aBR-CuiBMT _cBR-CuiBMT |
||
| 080 |
_22007 _a316.454.7 |
||
| 090 |
_a316.454.7 _bM644h |
||
| 100 | 1 | _aMilitão, Albigenor | |
| 245 | 1 | 0 |
_aHistória & fábulas aplicadas a treinamento / _cAlbigenor Militão, Rose Militão. |
| 246 | 3 | 2 | _aHistória e fábulas aplicadas a treinamento. |
| 260 |
_aRio de Janeiro : _bQualitymark, _c2002. |
||
| 300 |
_axv, 142 p. ; _c23 cm |
||
| 504 | _aInclui bibliografia. | ||
| 590 | _aA biblioteca possui 4. reimpr. 2007. | ||
| 650 | _aDinâmica de grupo | ||
| 650 | _aPlanejamento estratégico | ||
| 650 | _aTreinamento de pessoal | ||
| 650 | _aGestão do conhecimento | ||
| 700 | 1 | _aMilitão, Rose | |
| 942 |
_2udc _cLV |
||
| 999 |
_c1372 _d1372 |
||